书目信息 |
| 题名: |
甾体化学进展
|
|
| 作者: | 周维善 , 庄治平 主编 | |
| 分册: | ||
| 出版信息: | 北京 科学出版社 2002 |
|
| 页数: | 418页 | |
| 开本: | 25cm | |
| 丛书名: | 21世纪科学版化学专著系列 | |
| 单 册: | ||
| 中图分类: | O629.2 | |
| 科图分类: | ||
| 主题词: | 甾族化合物 , 甾族化合物--研究 | |
| 电子资源: | ||
| ISBN: | 7-03-009607-X | |
| 000 | 01027oam2 2200301 450 | |
| 001 | 060000005092 | |
| 005 | 20051115170808.84 | |
| 010 | @a7-03-009607-X@b精装@dCNY52.00 | |
| 092 | @aCN | |
| 100 | @a20040806d2002 ekmy0chiy0120 ea | |
| 101 | 0 | @achi |
| 102 | @aCN@b110000 | |
| 105 | @ay az 000yy | |
| 200 | 1 | @a甾体化学进展@9zai ti hua xue jin zhan@f周维善,庄治平主编@Fzhou wei shan,zhuang zhi ping zhu bian |
| 210 | @a北京@c科学出版社@d2002 | |
| 215 | @a418页@c图@d25cm | |
| 225 | 2 | @a21世纪科学版化学专著系列@v2002-1 |
| 300 | @a中国科学院科学出版基金资助出版 | |
| 320 | @a有书目 | |
| 330 | @a本书综述了近40年来甾体化学各方面的新进展。内容包括各类具有独特生理活性的新型甾体化合物的化学;甾体化合物结构转化及全合成等最新研究成果。 | |
| 461 | 0 | @12001 @a21世纪科学版化学专著系列 |
| 606 | 0 | @a甾族化合物 |
| 606 | 0 | @a甾族化合物@x研究 |
| 690 | @aO629.2@v4 | |
| 701 | 0 | @a周维善@Azhou wei shan@4主编 |
| 701 | 0 | @a庄治平@Azhuang zhi ping@4主编 |
| 801 | 0 | @aCN@bCXYBOOK@c20051115 |
| 905 | @a10447@dO629.2@e3 | |
| 甾体化学进展/周维善,庄治平主编.-北京:科学出版社,2002 |
| 418页:图;25cm.-(21世纪科学版化学专著系列;2002-1) |
| 中国科学院科学出版基金资助出版 |
| ISBN 7-03-009607-X(精装):CNY52.00 |
| 本书综述了近40年来甾体化学各方面的新进展。内容包括各类具有独特生理活性的新型甾体化合物的化学;甾体化合物结构转化及全合成等最新研究成果。 |
| ● |
| 相关链接 |
|
|
|
|
正题名:甾体化学进展
索取号:O629.2/3
 
预约/预借
| 序号 | 登录号 | 条形码 | 馆藏地/架位号 | 状态 | 备注 |
| 1 | 0367907 | 203679073 | 第二样本阅览室/ [索取号:O629.2/3] | 在馆 | |
| 2 | 0367908 | 203679082 | 第三借阅区/ [索取号:O629.2/3] | 在馆 | |
| 3 | 0367909 | 203679091 | 第三借阅区/ [索取号:O629.2/3] | 在馆 |